000 00476nam a2200181Ia 4500
008 100917s9999 xx 000 0 und d
082 _b60872
100 _aभावे पु. भा.
245 _aफुलवा
260 _bकॉन्टिनेंटल बुक सर्व्हिस
_c---
300 _a111
365 _b2.5
520 _aकथा
630 _aफुलवा
650 _aकथा
730 _aफुलवा
942 _cBOOK
999 _c666266
_d666263